| 000 | 01629cam a2200433 i 4500 | ||
|---|---|---|---|
| 001 | 768714001 | ||
| 003 | CO-MdFUSB | ||
| 005 | 20210918123359.0 | ||
| 008 | 030701t2000 mx a 001 0 spa d | ||
| 020 |
_a970220058X (pbk.) : _c$9.00 |
||
| 020 | _a9789702200581 (pbk.) | ||
| 020 | _a9706077359 (back cover) | ||
| 020 | _a9789706077356 (back cover) | ||
| 040 |
_aSFR _cCO-MdFUSB _dCCS _bspa _erda |
||
| 041 | _aspa | ||
| 082 | 0 | 4 |
_a465 _bM966g _222 |
| 100 | 1 |
_aMunguía Zataraín, Irma. _eautor |
|
| 245 | 1 | 0 |
_aLarousse gramática lengua española : _breglas y ejercicios / _cIrma Munguía Zatarain , Martha Elena Munguía Zatarain , Gilda Rocha Romero. |
| 246 | 3 | 0 |
_aGramática lengua española : _breglas y ejercicios. |
| 250 | _a1a ed. | ||
| 260 | _bLarousse, | ||
| 264 | 1 |
_aMéxico, D.F. : _bLarousse, _c[2000] |
|
| 264 | 2 | _c© 2000 | |
| 300 |
_avi, 284 páginas. : _bilustraciones. ; _c24 cm. |
||
| 336 |
_2rdacontent _atexto _btxt |
||
| 337 |
_2rdamedia _asin mediación _bn |
||
| 338 |
_2rdacarrier _avolumen _bnc |
||
| 500 | _aPublicado originalmente bajo el título: Larousse gramática de la lengua española : reglas y ejercicios. | ||
| 500 | _aIncludes indexes. | ||
| 505 | 0 | _aPresentacioń -- Fonet́ica y fonologiá -- Morfologiá -- Sintaxis. | |
| 563 | _aRústico. | ||
| 653 | _aLengua española -- Gramática | ||
| 653 | _aLengua española -- Composición y ejercicios. | ||
| 700 | 1 |
_aMunguía Zatarain, Martha Elena. _eautor |
|
| 700 | 1 |
_aRocha, Gilda. _eautor |
|
| 700 | 1 |
_aMunguía Zataraín, Irma. _tLarousse gramática de la lengua española. |
|
| 942 | _cREF | ||
| 945 | _aEstudiante | ||
| 999 |
_c64445 _d64445 |
||